Teória užitočnosti a jej prínos k objasneniu mechanizmu tvorby cien v diele Eugena von Böhm-Bawerka

Podstata a historický vývoj teórie užitočnosti. Böhm-Bawerkova koncepcia teórie užitočnosti. Podstata a pôvod subjektívnej hodnoty. Veľkosť hodnoty. Hospodárska a subjektívna výmenná hodnota statkov. Hodnota produktívnych statkov a statkov vzdialenejšieho rádu. Základné pojmy a predpoklady výmeny s...

Ausführliche Beschreibung

Gespeichert in:
Bibliographische Detailangaben
1. Verfasser: Novák, Jaromír, 1978-
Format: Buchkapitel
Sprache:Slowakisch
Schlagworte:
Tags: Tag hinzufügen
Keine Tags, Fügen Sie das erste Tag hinzu!

MARC

LEADER 00000naa$a2200000$$$4500
001 0028431
005 20240502071430.9
041 0 |a slo 
044 |a SK 
245 1 0 |a Teória užitočnosti a jej prínos k objasneniu mechanizmu tvorby cien v diele Eugena von Böhm-Bawerka  |c Jaromír Novák 
520 |a Podstata a historický vývoj teórie užitočnosti. Böhm-Bawerkova koncepcia teórie užitočnosti. Podstata a pôvod subjektívnej hodnoty. Veľkosť hodnoty. Hospodárska a subjektívna výmenná hodnota statkov. Hodnota produktívnych statkov a statkov vzdialenejšieho rádu. Základné pojmy a predpoklady výmeny statkov. Základný zákon tvorby cien. Zákon ponuky a dopytu a jeho nedostastky. 
610 2 0 |a teória hodnoty 
610 2 0 |a teória úžitku hraničného 
610 2 0 |a dejiny myslenia ekonomického 
610 2 0 |a hodnota úžitková 
610 2 0 |a statky úžitkové 
610 2 0 |a ceny 
610 2 0 |a ponuka 
610 2 0 |a dopyt 
610 2 0 |a neoklasicizmus 
610 2 0 |a tvorba cien 
100 1 |a Novák, Jaromír, 1978-